Statistiques concernant Logos en arabe

Cliquez ici pour prendre le quiz!

Statistiques générales

  • Ce quiz a été pris 453 fois
  • Le résultat moyen est 9 sur 16

Statistiques - réponses

Réponse% Correct
pepsi
99%
burger king
96%
coke
93%
pizza hut
92%
kfc
79%
subway
72%
sprite
70%
taco bell
55%
schweppes
46%
dunkin donuts
34%
fedex
33%
wendys
32%
dominos pizza
30%
mc donalds
19%
canada dry
18%
baskin robbins
10%

Distribution des résultats

Percentile par nombre de réponses

% des personnes avec chaque résultat

Votre développement - résultats

Vous n’avez pas pris ce quiz